US states with cities named Gainesville - Statistics

General Stats
  • This quiz has been taken 22 times
  • The average score is 8 of 11
Answer Stats
Hint Answer % Correct
State Florida
100%
State Alabama
88%
State Texas
88%
State Arkansas
81%
State Georgia
81%
State Virginia
75%
State Kentucky
69%
State Mississippi
63%
State New York
56%
State Tennessee
56%
State Missouri
50%
No matching quizzes found
Score Distribution
Percent of People with Each Score
Percentile by Number Answered
Your Score History
You have not taken this quiz